000 00448nam a2200193Ia 4500
008 170918s9999 xx 000 0 und d
020 _a9780545200561
050 _bP682 2007
100 _aPitchford, Dean
245 4 _aThe big one-oh /
245 _cDean Pitchford.
260 _aNew York :
260 _bScholastic,
260 _c2007
300 _a180 pages :
300 _bcolored illustration ;
300 _c19cm.
500 _a750
999 _c342265
_d342265